MARC

LEADER 00000nam1a2200000 4500
001 304322
005 20231102001705.0
020 |a RU  |b 83-34990 
035 |a (RuTPU)RU\TPU\book\329568 
090 |a 304322 
100 |a 20150914d1983 m y0rusy5003 ca 
101 0 |a rus 
200 1 |a Московский Парнас  |f А. Сконечная 
210 |a Москва  |c Московский рабочий  |d 1983 
215 |a 176 с.  |c ил., 8 л. ил. 
320 |a Библиогр.: с. 175 
606 |a Музыкальные спектакли  |2 stltpush  |3 (RuTPU)RU\TPU\subj\44579  |9 63890 
606 1 |a Музыка  |2 stltpush  |3 (RuTPU)RU\TPU\subj\73462  |9 86458 
610 1 |a музыкальная жизнь 
610 1 |a русский театр 
610 1 |a Москва 
610 1 |a история 
610 1 |a 18 век 
610 1 |a 19 век 
610 1 |a музыкальная культура 
610 1 |a оперы 
610 1 |a водители 
610 1 |a актеры 
610 1 |a музыканты 
675 |a 792.5  |z rus  |v 3 
675 |a 78  |z rus  |v 3 
700 1 |a Сконечная  |b А. Д.  |4 070 
801 0 |a RU  |b RuMRKP  |c 19950704  |g psbo 
801 1 |a RU  |b 63413507  |c 20150914 
801 2 |a RU  |b 63413507  |c 20190718  |g RCR 
942 |c BK